书目信息 |
| 题名: |
岩石力学
|
|
| 作者: | 张永兴 主编 | |
| 分册: | ||
| 出版信息: | 北京 中国建筑工业出版社 2004.07 |
|
| 页数: | 197页 | |
| 开本: | 23cm | |
| 丛书名: | ||
| 单 册: | ||
| 中图分类: | TU45 | |
| 科图分类: | ||
| 主题词: | 岩石力学--yan shi li xue--高等学校--教材 | |
| 电子资源: | ||
| ISBN: | 7-112-06177-6 | |
| 000 | 00920nam0 2200253 450 | |
| 001 | 012007919296 | |
| 005 | 20071228153309.03 | |
| 010 | @a7-112-06177-6@dCNY18.00 | |
| 100 | @a20071228d2004 km y0chiy0120 ea | |
| 101 | 0 | @achi |
| 102 | @aCN@b110000 | |
| 105 | @aa a 000yy | |
| 106 | @ar | |
| 200 | 1 | @a岩石力学@Ayan shi li xue@f张永兴主编@Fzhang yong xing zhu bian |
| 210 | @a北京@c中国建筑工业出版社@d2004.07 | |
| 215 | @a197页@c图@d23cm | |
| 300 | @a普通高等教育土建学科专业“十五”规划教材 | |
| 320 | @a有书目 (第196-197页)。 | |
| 330 | @a本书内容包括:岩石与岩体的基本概念,岩石的基本物理性能;结构面、岩体的基本力学性能及地应力;岩石力学基本理论在岩石地下工程、岩石边坡工程及岩石地基工程稳定分析及设计中的应用。 | |
| 606 | 0 | @a岩石力学@Ayan shi li xue@x高等学校@j教材 |
| 690 | @aTU45@v4 | |
| 701 | 0 | @a张永兴@Azhang yong xing@4主编 |
| 801 | 0 | @aCN@bQSSK@c20071228 |
| 905 | @b273985-87@dTU45@eZ237@f3 | |
| 岩石力学/张永兴主编.-北京:中国建筑工业出版社,2004.07 |
| 197页:图;23cm |
| 普通高等教育土建学科专业“十五”规划教材 |
| ISBN 7-112-06177-6:CNY18.00 |
| 本书内容包括:岩石与岩体的基本概念,岩石的基本物理性能;结构面、岩体的基本力学性能及地应力;岩石力学基本理论在岩石地下工程、岩石边坡工程及岩石地基工程稳定分析及设计中的应用。 |
| ● |
| 相关链接 |
|
|
|
正题名:岩石力学
索取号:TU45/Z237
 
预约/预借
| 序号 | 登录号 | 条形码 | 馆藏地/架位号 | 状态 | 备注 |
| 1 | 273985 | 202739858 | 土木与交通工程学院资料室/101建筑库 48排1列3层/ [索取号:TU45/Z237] | 在馆 | |
| 2 | 273986 | 202739867 | 建筑库101/101建筑库 95排4列4层/ [索取号:TU45/Z237] | 在馆 | |
| 3 | 273987 | 202739876 | 建筑库101/101建筑库 95排4列4层/ [索取号:TU45/Z237] | 在馆 |